[Event "Scarborough CC Howard Ridout Swiss"]
[Site "Toronto CAN"]
[Date "2009.10.01"]
[Round "4"]
[White "Perez, Michael"]
[Black "Maister, Martin"]
[Result "0-1"]
[WhiteElo "1778"]
[BlackElo "1839"]
[PlyCount "60"]
[GameId "2160767910096816"]
[EventDate "2009.09.10"]
[EventType "swiss"]
[EventRounds "7"]
[EventCountry "CAN"]
[SourceTitle "EXT 2011"]
[Source "ChessBase"]
[SourceDate "2011.11.26"]
[SourceVersion "1"]
[SourceVersionDate "2011.11.26"]
[SourceQuality "1"]

1. e4 c5 2. Nf3 d6 3. d4 cxd4 4. Nxd4 Nf6 5. Nc3 a6 6. Bg5 e6 7. f4 Be7 8. Qf3 Qc7 9. Bd3 Nc6 10. Nxc6 bxc6 11. Rb1 Bb7 12. O-O c5 13. b3 d5 14. Bxf6 Bxf6 15. e5 Be7 16. Rfe1 g6 17. Kh1 h5 18. Qg3 h4 19. Qh3 Bc6 20. Bxg6 fxg6 21. Qxe6 h3 22. g3 Qc8 23. Qxg6+ Kd7 24. Rbd1 Qb7 25. Kg1 Rag8 26. Qf5+ Kc7 27. Kf2 c4 28. Qf7 Kb8 29. Nxd5 Bc5+ 30. Kf3 Qxf7 0-1

[Event "Scarborough CC Howard Ridout Swiss"]
[Site "Toronto CAN"]
[Date "2009.10.01"]
[Round "4"]
[White "Picana, Andrew"]
[Black "Ferreira, Alex"]
[Result "1-0"]
[WhiteElo "2103"]
[BlackElo "1956"]
[PlyCount "92"]
[GameId "2160767910096817"]
[EventDate "2009.09.10"]
[EventType "swiss"]
[EventRounds "7"]
[EventCountry "CAN"]
[SourceTitle "EXT 2011"]
[Source "ChessBase"]
[SourceDate "2011.11.26"]
[SourceVersion "1"]
[SourceVersionDate "2011.11.26"]
[SourceQuality "1"]

1. c4 d6 2. Nc3 e5 3. g3 g6 4. Bg2 Bg7 5. Nf3 Ne7 6. d4 exd4 7. Nxd4 Nbc6 8. Be3 O-O 9. O-O Ne5 10. Qb3 N7c6 11. Nxc6 bxc6 12. Qa4 Be6 13. c5 Nc4 14. Qxc6 Nxe3 15. fxe3 Rb8 16. cxd6 cxd6 17. Rab1 Qg5 18. Qf3 h5 19. Ne4 Qe5 20. b3 Bg4 21. Qf4 Bxe2 22. Nxd6 Bxf1 23. Bxf1 Qa5 24. Qf2 Qc5 25. Nc4 Bh6 26. Re1 Rbe8 27. e4 Qb4 28. Bg2 Bg7 29. e5 Qc3 30. Bc6 Re6 31. Bd5 Re7 32. Kg2 Bxe5 33. Re2 Bf6 34. Rxe7 Bxe7 35. Qxa7 Bf6 36. Qf2 Bd4 37. Qd2 Qxd2+ 38. Nxd2 h4 39. Nf3 Rd8 40. Bc6 hxg3 41. hxg3 Kg7 42. a4 Bc3 43. Ng5 Rd2+ 44. Kf3 f5 45. Ne6+ Kf6 46. Nc5 Rc2 1-0

[Event "Scarborough CC Howard Ridout Swiss"]
[Site "Toronto CAN"]
[Date "2009.10.01"]
[Round "4"]
[White "Southam, David"]
[Black "Peng, Bill"]
[Result "1-0"]
[WhiteElo "2146"]
[BlackElo "2141"]
[PlyCount "60"]
[GameId "2160767910096818"]
[EventDate "2009.09.10"]
[EventType "swiss"]
[EventRounds "7"]
[EventCountry "CAN"]
[SourceTitle "EXT 2011"]
[Source "ChessBase"]
[SourceDate "2011.11.26"]
[SourceVersion "1"]
[SourceVersionDate "2011.11.26"]
[SourceQuality "1"]

1. d4 Nf6 2. Nc3 g6 3. e4 d6 4. Bg5 Bg7 5. f4 O-O 6. Qd2 Nfd7 7. Nf3 c6 8. O-O-O b5 9. f5 gxf5 10. Bh6 e6 11. Bxg7 Kxg7 12. exf5 exf5 13. Bd3 Nb6 14. Ne2 Qf6 15. Rdf1 Nc4 16. Bxc4 bxc4 17. h3 Re8 18. Nf4 Kh8 19. Nh5 Qg6 20. Nf4 Qh6 21. g4 f6 22. Rfg1 Rg8 23. gxf5 Bxf5 24. Rxg8+ Kxg8 25. Rg1+ Kf7 26. d5 c5 27. Ne2 Qxd2+ 28. Nxd2 Na6 29. Nxc4 Rd8 30. Nf4 Nb4 1-0

[Event "Scarborough CC Howard Ridout Swiss"]
[Site "Toronto CAN"]
[Date "2009.10.01"]
[Round "4"]
[White "Ugodnikov, Arkadiy"]
[Black "Marcille, Gord"]
[Result "1-0"]
[WhiteElo "1748"]
[BlackElo "1855"]
[PlyCount "102"]
[GameId "2160767910096819"]
[EventDate "2009.09.10"]
[EventType "swiss"]
[EventRounds "7"]
[EventCountry "CAN"]
[SourceTitle "EXT 2011"]
[Source "ChessBase"]
[SourceDate "2011.11.26"]
[SourceVersion "1"]
[SourceVersionDate "2011.11.26"]
[SourceQuality "1"]

1. e4 e5 2. Nf3 Nc6 3. Bb5 Bc5 4. O-O d6 5. c3 Bg4 6. d3 Nge7 7. Be3 O-O 8. h3 Bh5 9. Nbd2 f5 10. Bc4+ Kh8 11. Bxc5 dxc5 12. Qe1 f4 13. Nh2 Rf6 14. f3 b5 15. Bxb5 Rg6 16. Ng4 Rb8 17. Bxc6 Nxc6 18. b3 Bxg4 19. fxg4 Qxd3 20. Rf3 Qd7 21. Nc4 Rd8 22. Qe2 Re6 23. Rc1 a5 24. Rc2 Qd1+ 25. Qxd1 Rxd1+ 26. Kf2 Re8 27. Rd2 Rd8 28. Ke2 g5 29. Rdd3 R1xd3 30. Rxd3 Rxd3 31. Kxd3 Kg7 32. Na3 h5 33. Nb5 hxg4 34. hxg4 Ne7 35. Nxc7 Ng6 36. Ne6+ Kf6 37. Nxc5 Nh4 38. b4 axb4 39. cxb4 Ke7 40. a4 Nxg2 41. Ke2 Ne3 42. Kf3 Kd6 43. Nd3 Nc4 44. Nc5 Nd2+ 45. Ke2 Nc4 46. a5 Kc6 47. Ne6 Kb5 48. Nxg5 Kxb4 49. a6 Ka5 50. a7 Kb6 51. Nf7 Kxa7 1-0

[Event "Scarborough CC Howard Ridout Swiss"]
[Site "Toronto CAN"]
[Date "2009.10.01"]
[Round "4"]
[White "Verde, Pino"]
[Black "Zhou, Kevin"]
[Result "1-0"]
[WhiteElo "1757"]
[BlackElo "1826"]
[PlyCount "105"]
[GameId "2160767910096820"]
[EventDate "2009.09.10"]
[EventType "swiss"]
[EventRounds "7"]
[EventCountry "CAN"]
[SourceTitle "EXT 2011"]
[Source "ChessBase"]
[SourceDate "2011.11.26"]
[SourceVersion "1"]
[SourceVersionDate "2011.11.26"]
[SourceQuality "1"]

1. Nf3 Nf6 2. d3 g6 3. e4 d6 4. Nbd2 Bg7 5. c3 c5 6. a4 Nc6 7. Be2 O-O 8. Nc4 Be6 9. Ne3 Qc7 10. Ng5 Bd7 11. h4 h6 12. Nh3 e6 13. g4 Nh7 14. Bd2 a6 15. Nc4 b5 16. axb5 axb5 17. Rxa8 Rxa8 18. Na3 Qb6 19. Qc1 Qa5 20. Bxh6 Bxc3+ 21. bxc3 Qxa3 22. O-O Qxc1 23. Rxc1 Ra2 24. Bf1 Nf6 25. Bf4 e5 26. Bg3 Bxg4 27. Ng5 Nh5 28. Kh2 f6 29. Nh3 b4 30. d4 Na5 31. cxb4 cxb4 32. dxe5 fxe5 33. Ng5 b3 34. Rb1 Kf8 35. Bg2 Be2 36. Bh3 Bd3 37. Ne6+ Ke7 38. Rc1 Rc2 39. Ra1 b2 40. Rxa5 b1=Q 41. Ra7+ Ke8 42. Ra8+ Ke7 43. Ra7+ Kf6 44. Ng5 Qh1+ 45. Kxh1 Nxg3+ 46. fxg3 Rc1+ 47. Kh2 Rc2+ 48. Kg1 Rc1+ 49. Kf2 Rc2+ 50. Ke3 Re2+ 51. Kxd3 Re3+ 52. Kxe3 d5 53. Rf7# 1-0

[Event "Scarborough CC Howard Ridout Swiss"]
[Site "Toronto CAN"]
[Date "2009.10.01"]
[Round "4"]
[White "Wiebe, Daniel"]
[Black "Smith, Maurice"]
[Result "1-0"]
[WhiteElo "1929"]
[BlackElo "1683"]
[PlyCount "69"]
[GameId "2160767910096821"]
[EventDate "2009.09.10"]
[EventType "swiss"]
[EventRounds "7"]
[EventCountry "CAN"]
[SourceTitle "EXT 2011"]
[Source "ChessBase"]
[SourceDate "2011.11.26"]
[SourceVersion "1"]
[SourceVersionDate "2011.11.26"]
[SourceQuality "1"]

1. e4 c5 2. Nf3 d6 3. d4 cxd4 4. Nxd4 Nf6 5. Nc3 g6 6. Be3 Bg7 7. f3 Bd7 8. Qd2 Nc6 9. Bc4 Rc8 10. Bb3 O-O 11. O-O-O Ne5 12. h4 h5 13. Bh6 Nc4 14. Bxc4 Rxc4 15. Bxg7 Kxg7 16. g4 Qa5 17. Nb3 Qa6 18. gxh5 Nxh5 19. e5 Bc6 20. Nd4 dxe5 21. Nf5+ Kf6 22. Qg5+ Ke6 23. Qxe7+ Kxf5 24. Qxf8 Nf6 25. Qxf7 Rxc3 26. bxc3 Qa3+ 27. Kb1 Qxc3 28. Rd3 Qb4+ 29. Rb3 Qc5 30. h5 Bd5 31. Qxg6+ Ke6 32. h6 Bxb3 33. axb3 Qf8 34. h7 Qh8 35. Rh6 1-0

[Event "Scarborough CC Howard Ridout Swiss"]
[Site "Toronto CAN"]
[Date "2009.10.08"]
[Round "5"]
[White "Armstrong, Robert J"]
[Black "Picana, Andrew"]
[Result "0-1"]
[WhiteElo "1804"]
[BlackElo "2103"]
[PlyCount "68"]
[GameId "2160767910096823"]
[EventDate "2009.09.10"]
[EventType "swiss"]
[EventRounds "7"]
[EventCountry "CAN"]
[SourceTitle "EXT 2011"]
[Source "ChessBase"]
[SourceDate "2011.11.26"]
[SourceVersion "1"]
[SourceVersionDate "2011.11.26"]
[SourceQuality "1"]

1. d4 c5 2. d5 d6 3. c4 e6 4. Nc3 Nf6 5. e4 exd5 6. cxd5 Be7 7. f4 O-O 8. Nf3 a6 9. a4 Bg4 10. h3 Bxf3 11. Qxf3 Nbd7 12. a5 Ne8 13. Bd3 Bf6 14. g4 Bh4+ 15. Kf1 Bf6 16. g5 Bd4 17. h4 Qe7 18. h5 f6 19. gxf6 Rxf6 20. e5 Nxe5 21. Qe4 h6 22. Qh7+ Kf8 23. Bg6 Nxg6 24. hxg6 Qd7 25. Rxh6 Qg4 26. Rh2 Rxg6 27. Qh8+ Kf7 28. Qh3 Nf6 29. f5 Qg1+ 30. Ke2 Re8+ 31. Kd2 Rg3 32. Kc2 Rxh3 33. Rxh3 Qg2+ 34. Bd2 Qxh3 0-1

[Event "Scarborough CC Howard Ridout Swiss"]
[Site "Toronto CAN"]
[Date "2009.10.08"]
[Round "5"]
[White "Ferreira, Alex"]
[Black "Mesiti, Silvano"]
[Result "1-0"]
[WhiteElo "1956"]
[BlackElo "1774"]
[PlyCount "119"]
[GameId "2160767910096824"]
[EventDate "2009.09.10"]
[EventType "swiss"]
[EventRounds "7"]
[EventCountry "CAN"]
[SourceTitle "EXT 2011"]
[Source "ChessBase"]
[SourceDate "2011.11.26"]
[SourceVersion "1"]
[SourceVersionDate "2011.11.26"]
[SourceQuality "1"]

1. g4 d5 2. Bg2 e5 3. e3 e4 4. c4 c6 5. Nc3 Bb4 6. cxd5 Bxc3 7. dxc3 cxd5 8. c4 Be6 9. cxd5 Qxd5 10. Qxd5 Bxd5 11. Ne2 h6 12. Nc3 Bc6 13. Nxe4 Ke7 14. O-O Nf6 15. Nxf6 Kxf6 16. Bd2 Ke6 17. Rad1 Bxg2 18. Kxg2 Nc6 19. f4 f6 20. h4 Rad8 21. Bc3 Rhg8 22. h5 a6 23. Kf3 Kf7 24. e4 Rge8 25. Rxd8 Rxd8 26. e5 fxe5 27. fxe5 Ke6 28. Ke4 Re8 29. g5 hxg5 30. h6 gxh6 31. Rf6+ Ke7 32. Rxh6 Rg8 33. Be1 Rg7 34. Bg3 Nd8 35. Kd5 Nf7 36. Rb6 Nd8 37. Bf2 g4 38. Bh4+ Ke8 39. Rb3 Rh7 40. Bg3 Rd7+ 41. Ke4 Rf7 42. Bh4 Rh7 43. Bxd8 Kxd8 44. Kf4 Rg7 45. Rg3 Rf7+ 46. Kxg4 Ke7 47. Rf3 Rg7+ 48. Kf5 Rh7 49. Rb3 Kd8 50. a4 Rc7 51. Rb6 Ke7 52. Rh6 Kf8 53. a5 Kg8 54. Rf6 Kg7 55. b4 Re7 56. e6 Rc7 57. Ke5 Kg8 58. Rf7 Rxf7 59. exf7+ Kxf7 60. Kd6 1-0

[Event "Scarborough CC Howard Ridout Swiss"]
[Site "Toronto CAN"]
[Date "2009.10.08"]
[Round "5"]
[White "Hall, John2"]
[Black "Krupka, David"]
[Result "1-0"]
[WhiteElo "2257"]
[BlackElo "2144"]
[PlyCount "87"]
[GameId "2160767910096826"]
[EventDate "2009.09.10"]
[EventType "swiss"]
[EventRounds "7"]
[EventCountry "CAN"]
[SourceTitle "EXT 2011"]
[Source "ChessBase"]
[SourceDate "2011.11.26"]
[SourceVersion "1"]
[SourceVersionDate "2011.11.26"]
[SourceQuality "1"]

1. e4 e5 2. Nf3 Nc6 3. Nc3 Nf6 4. d4 exd4 5. Nxd4 Bc5 6. Be3 Bxd4 7. Bxd4 Nxd4 8. Qxd4 d6 9. O-O-O Qe7 10. f3 O-O 11. g4 Qe5 12. Qxe5 dxe5 13. g5 Ne8 14. Nd5 Be6 15. h4 Kh8 16. Rh2 Rc8 17. Rhd2 f6 18. Be2 Bxd5 19. Rxd5 Nd6 20. c4 Rcd8 21. c5 Nf7 22. gxf6 gxf6 23. Rd7 Rxd7 24. Rxd7 Nh6 25. Rxc7 Rf7 26. Rxf7 Nxf7 27. Bc4 Nd8 28. Bd5 Kg7 29. b4 Kg6 30. b5 Kh5 31. c6 bxc6 32. bxc6 Nxc6 33. Bxc6 Kxh4 34. Bd7 h5 35. Be8 Kg5 36. Kd2 h4 37. Ke3 h3 38. Kf2 Kf4 39. Bh5 f5 40. exf5 Kxf5 41. Bg4+ Kf4 42. Bxh3 e4 43. fxe4 Kxe4 44. Ke2 1-0

[Event "Scarborough CC Howard Ridout Swiss"]
[Site "Toronto CAN"]
[Date "2009.10.08"]
[Round "5"]
[White "Henry, Liam"]
[Black "Wu, Kevin"]
[Result "1-0"]
[WhiteElo "2275"]
[BlackElo "1954"]
[PlyCount "75"]
[GameId "2160767910096827"]
[EventDate "2009.09.10"]
[EventType "swiss"]
[EventRounds "7"]
[EventCountry "CAN"]
[SourceTitle "EXT 2011"]
[Source "ChessBase"]
[SourceDate "2011.11.26"]
[SourceVersion "1"]
[SourceVersionDate "2011.11.26"]
[SourceQuality "1"]

1. d4 Nf6 2. c4 g6 3. Nc3 Bg7 4. e4 d6 5. Nf3 O-O 6. Be2 e5 7. Be3 Ng4 8. Bg5 f6 9. Bh4 Nc6 10. d5 Ne7 11. O-O h5 12. h3 Nh6 13. Rc1 g5 14. Bg3 Ng6 15. c5 h4 16. Bh2 a6 17. cxd6 cxd6 18. Nd2 Nf4 19. Bxf4 gxf4 20. Nf3 f5 21. exf5 Nxf5 22. Ne4 Bh6 23. Qd3 Rf7 24. Rc2 Rg7 25. Rfc1 Bd7 26. Qa3 Bb5 27. Bxb5 axb5 28. Qd3 Nd4 29. Nxd4 exd4 30. f3 Kh8 31. Qxd4 Ra4 32. Qd3 Qb6+ 33. Kh2 Rd4 34. Rc8+ Rg8 35. Nf6 Kg7 36. Rxg8+ Kxf6 37. Qg6+ Ke7 38. Qe6# 1-0

[Event "Scarborough CC Howard Ridout Swiss"]
[Site "Toronto CAN"]
[Date "2009.10.08"]
[Round "5"]
[White "Humphreys, Michael"]
[Black "Moysoski, Randy"]
[Result "1-0"]
[WhiteElo "2209"]
[BlackElo "1894"]
[PlyCount "84"]
[GameId "2160767910096828"]
[EventDate "2009.09.10"]
[EventType "swiss"]
[EventRounds "7"]
[EventCountry "CAN"]
[SourceTitle "EXT 2011"]
[Source "ChessBase"]
[SourceDate "2011.11.26"]
[SourceVersion "1"]
[SourceVersionDate "2011.11.26"]
[SourceQuality "1"]

1. c4 Nf6 2. Nf3 g6 3. Nc3 Bg7 4. e4 d6 5. d4 Nbd7 6. Be2 e6 7. O-O O-O 8. Be3 e5 9. d5 c5 10. Ne1 Re8 11. Nd3 a6 12. f3 Rb8 13. Qa4 Nf8 14. b4 Bd7 15. Qa3 b6 16. bxc5 bxc5 17. Qxa6 Bc8 18. Qa4 Nh5 19. Rfb1 Rxb1+ 20. Rxb1 f5 21. Qc6 Qe7 22. Rb8 Bd7 23. Rxe8 Bxe8 24. Qa6 Nd7 25. a4 Nhf6 26. a5 Nb8 27. Qc8 Nbd7 28. a6 Nb6 29. Qb7 Qxb7 30. axb7 Nfd7 31. Nb2 Nb8 32. Bg5 Bf8 33. Bd8 N6d7 34. Bd1 Kf7 35. Ba4 Be7 36. Bc7 Na6 37. Bxd7 Bxd7 38. Nb5 fxe4 39. fxe4 Kf6 40. b8=Q Nxb8 41. Bxb8 Bd8 42. Bxd6 h5 1-0

[Event "Scarborough CC Howard Ridout Swiss"]
[Site "Toronto CAN"]
[Date "2009.10.08"]
[Round "5"]
[White "Lamb, Bryan"]
[Black "Pedersen, Rune"]
[Result "1/2-1/2"]
[WhiteElo "2232"]
[BlackElo "2076"]
[PlyCount "25"]
[GameId "2160767910096829"]
[EventDate "2009.09.10"]
[EventType "swiss"]
[EventRounds "7"]
[EventCountry "CAN"]
[SourceTitle "EXT 2011"]
[Source "ChessBase"]
[SourceDate "2011.11.26"]
[SourceVersion "1"]
[SourceVersionDate "2011.11.26"]
[SourceQuality "1"]

1. c4 e5 2. g3 Nf6 3. Bg2 d5 4. cxd5 Nxd5 5. Nc3 Nb6 6. d3 Be7 7. Be3 O-O 8. Nf3 Nc6 9. O-O Be6 10. Na4 Bd5 11. Nc3 Be6 12. Na4 Bd5 13. Nc3 1/2-1/2

[Event "Scarborough CC Howard Ridout Swiss"]
[Site "Toronto CAN"]
[Date "2009.10.08"]
[Round "5"]
[White "Maister, Martin"]
[Black "Al Ganabi, Haqi"]
[Result "0-1"]
[WhiteElo "1839"]
[BlackElo "1882"]
[PlyCount "148"]
[GameId "2160767910096830"]
[EventDate "2009.09.10"]
[EventType "swiss"]
[EventRounds "7"]
[EventCountry "CAN"]
[SourceTitle "EXT 2011"]
[Source "ChessBase"]
[SourceDate "2011.11.26"]
[SourceVersion "1"]
[SourceVersionDate "2011.11.26"]
[SourceQuality "1"]

1. c4 Nf6 2. g3 c6 3. Bg2 d5 4. cxd5 cxd5 5. Nf3 Nc6 6. O-O e5 7. d3 Be7 8. Bg5 h6 9. Bxf6 Bxf6 10. Nc3 O-O 11. Qb3 d4 12. Nd5 Rb8 13. Nxf6+ Qxf6 14. Rac1 Be6 15. Qa4 Rfc8 16. Nd2 Qd8 17. a3 b5 18. Qd1 Bd5 19. Bxd5 Qxd5 20. Qb3 Ne7 21. Qb4 Nc6 22. Qb3 Qd7 23. Qa2 Kh7 24. Rc5 f6 25. Rfc1 b4 26. axb4 Nxb4 27. Qc4 Rxc5 28. Qxc5 Nd5 29. Nc4 Rb5 30. Qf8 Nb6 31. Nxb6 Rxb6 32. b4 Qb7 33. Rc8 Rxb4 34. Qg8+ Kg6 35. Qe8+ Qf7 36. Qc6 Qb7 37. Qe8+ Kf5 38. Qh5+ g5 39. g4+ Kf4 40. Rc1 Rb1 41. Rxb1 Qxb1+ 42. Kg2 Qb7+ 43. Kg1 Qc8 44. Qxh6 Qxg4+ 45. Kf1 f5 46. Qc6 Qh3+ 47. Kg1 Qg4+ 48. Kf1 Qh3+ 49. Kg1 Qh5 50. Kf1 a5 51. Qc1+ Kg4 52. f3+ Kh3 53. Kg1 g4 54. Qe1 f4 55. Qf1+ Kh4 56. Qe1+ g3 57. hxg3+ fxg3 58. Qxa5 Qg5 59. Qd5 Qe3+ 60. Kh1 g2+ 61. Kxg2 Qxe2+ 62. Kg1 Kg3 63. Qg8+ Kxf3 64. Qf8+ Ke3 65. Qf5 Qe1+ 66. Kg2 Qe2+ 67. Kg3 Kd2 68. Kh4 Qe3 69. Kg4 Qf4+ 70. Qxf4+ exf4 71. Kxf4 Kxd3 72. Kf3 Kc2 73. Ke2 d3+ 74. Ke3 d2 0-1

[Event "Scarborough CC Howard Ridout Swiss"]
[Site "Toronto CAN"]
[Date "2009.10.08"]
[Round "5"]
[White "Marcille, Gord"]
[Black "Zhou, Kevin"]
[Result "0-1"]
[WhiteElo "1855"]
[BlackElo "1826"]
[PlyCount "58"]
[GameId "2160767910096831"]
[EventDate "2009.09.10"]
[EventType "swiss"]
[EventRounds "7"]
[EventCountry "CAN"]
[SourceTitle "EXT 2011"]
[Source "ChessBase"]
[SourceDate "2011.11.26"]
[SourceVersion "1"]
[SourceVersionDate "2011.11.26"]
[SourceQuality "1"]

1. e4 e5 2. Nf3 Nc6 3. Nc3 Nf6 4. Bb5 d6 5. d4 Bd7 6. Bxc6 Bxc6 7. d5 Bd7 8. O-O Be7 9. Bg5 O-O 10. Bxf6 Bxf6 11. h3 b5 12. b4 g6 13. Nh2 Bg7 14. f4 exf4 15. Qd3 Qf6 16. Rf3 Qd4+ 17. Kh1 Qxb4 18. Raf1 g5 19. Qd2 f5 20. Rb1 Bxc3 21. Qd1 Qc4 22. exf5 Bxf5 23. Ng4 Bxg4 24. hxg4 Rae8 25. Qg1 Re3 26. Rxe3 fxe3 27. Qxe3 Rf1+ 28. Rxf1 Qxf1+ 29. Kh2 Qf4+ 0-1

[Event "Scarborough CC Howard Ridout Swiss"]
[Site "Toronto CAN"]
[Date "2009.10.08"]
[Round "5"]
[White "Paterson, Jim"]
[Black "Moran-Venegas, Mario"]
[Result "0-1"]
[WhiteElo "1839"]
[BlackElo "1762"]
[PlyCount "62"]
[GameId "2160767910096832"]
[EventDate "2009.09.10"]
[EventType "swiss"]
[EventRounds "7"]
[EventCountry "CAN"]
[SourceTitle "EXT 2011"]
[Source "ChessBase"]
[SourceDate "2011.11.26"]
[SourceVersion "1"]
[SourceVersionDate "2011.11.26"]
[SourceQuality "1"]

1. e4 e5 2. Bc4 Nf6 3. d3 c6 4. Nc3 d5 5. exd5 cxd5 6. Bb3 Bb4 7. Bd2 O-O 8. Nge2 Nc6 9. O-O Be6 10. Ng3 a6 11. Bg5 Nd4 12. Nh5 Nxb3 13. axb3 Kh8 14. Bxf6 gxf6 15. Qf3 Be7 16. Kh1 Rg8 17. h3 Rg6 18. Rfe1 b5 19. Ra2 b4 20. Ne2 d4 21. Neg3 Bd5 22. Qe2 Qd7 23. Kh2 Rag8 24. Rxa6 Qb7 25. Rea1 Bxg2 26. Ra7 Qc6 27. R1a6 Qd5 28. Ra5 Bc5 29. Rxc5 Qxc5 30. Rxf7 Qd5 31. Rxh7+ Kxh7 0-1

[Event "Scarborough CC Howard Ridout Swiss"]
[Site "Toronto CAN"]
[Date "2009.10.08"]
[Round "5"]
[White "Peng, Bill"]
[Black "Garel, Rick"]
[Result "1-0"]
[WhiteElo "2141"]
[BlackElo "1915"]
[PlyCount "93"]
[GameId "2160767910096833"]
[EventDate "2009.09.10"]
[EventType "swiss"]
[EventRounds "7"]
[EventCountry "CAN"]
[SourceTitle "EXT 2011"]
[Source "ChessBase"]
[SourceDate "2011.11.26"]
[SourceVersion "1"]
[SourceVersionDate "2011.11.26"]
[SourceQuality "1"]

1. e4 e6 2. d4 d5 3. Nc3 Bb4 4. e5 c5 5. a3 Bxc3+ 6. bxc3 Ne7 7. Nf3 Nbc6 8. Bd3 c4 9. Be2 O-O 10. Bg5 Qa5 11. Qd2 Bd7 12. g4 f6 13. exf6 gxf6 14. Bh6 Rf7 15. h4 Kh8 16. h5 Ng8 17. Bf4 Re8 18. Kf1 e5 19. Bg3 Bxg4 20. dxe5 Bxf3 21. Bxf3 fxe5 22. Qxd5 Rf5 23. Qxa5 Nxa5 24. Bg4 Rg5 25. Bd7 Re7 26. Rd1 Rf7 27. Ke2 h6 28. Rd5 Nc6 29. Bxc6 bxc6 30. Rxe5 Rxe5+ 31. Bxe5+ Kh7 32. Bd4 Nf6 33. Bxf6 Rxf6 34. Rh4 Rf5 35. Ke3 Re5+ 36. Kd4 Ra5 37. f4 Rxa3 38. Kxc4 Ra5 39. Kd4 Rd5+ 40. Ke4 Rd2 41. Kf5 a5 42. Kf6 a4 43. f5 Rxc2 44. Rxa4 Rxc3 45. Ra7+ Kg8 46. Kg6 Rg3+ 47. Kxh6 1-0

[Event "Scarborough CC Howard Ridout Swiss"]
[Site "Toronto CAN"]
[Date "2009.10.08"]
[Round "5"]
[White "Radpey, Abdolreza"]
[Black "Jizan, Masoud"]
[Result "0-1"]
[WhiteElo "1488"]
[BlackElo "1718"]
[PlyCount "72"]
[GameId "2160767910096834"]
[EventDate "2009.09.10"]
[EventType "swiss"]
[EventRounds "7"]
[EventCountry "CAN"]
[SourceTitle "EXT 2011"]
[Source "ChessBase"]
[SourceDate "2011.11.26"]
[SourceVersion "1"]
[SourceVersionDate "2011.11.26"]
[SourceQuality "1"]

1. Nf3 d5 2. d4 Nf6 3. Bg5 c5 4. dxc5 Nc6 5. e3 Ne4 6. Bb5 Bg4 7. Qd4 Bxf3 8. Bxc6+ bxc6 9. Bf4 Bxg2 10. Rg1 Bf3 11. Nd2 Qa5 12. b4 Qa4 13. Nxf3 Qxc2 14. Nd2 Rd8 15. f3 Nc3 16. Be5 Nb5 17. Qb2 Qd3 18. Kf2 f6 19. Bg3 d4 20. e4 g6 21. Rac1 Nc3 22. Rge1 Bh6 23. Rc2 O-O 24. Qb3+ Rf7 25. Nc4 Nd1+ 26. Kg2 Qxb3 27. axb3 d3 28. Ra2 Nc3 29. f4 Nxa2 30. e5 d2 31. Rd1 Nc3 32. Rxd2 Rxd2+ 33. Nxd2 fxe5 34. Nc4 exf4 35. Kf2 Ne4+ 36. Kg1 f3 0-1

[Event "Scarborough CC Howard Ridout Swiss"]
[Site "Toronto CAN"]
[Date "2009.10.08"]
[Round "5"]
[White "Rapoport, Alexander"]
[Black "Douglas, Richard"]
[Result "1/2-1/2"]
[WhiteElo "1814"]
[BlackElo "1859"]
[PlyCount "100"]
[GameId "2160767910096836"]
[EventDate "2009.09.10"]
[EventType "swiss"]
[EventRounds "7"]
[EventCountry "CAN"]

1. d4 Nf6 2. Nf3 g6 3. e3 Bg7 4. Bd3 O-O 5. O-O d6 6. Nbd2 Nbd7 7. b3 Re8 8. Bb2 e5 9. dxe5 Nxe5 10. Nxe5 dxe5 11. Bc4 c6 12. a4 Qc7 13. Nf3 Bg4 14. h3 Rad8 15. Qe2 e4 16. hxg4 Nxg4 17. Bxf7+ Qxf7 18. Bxg7 Qxg7 19. Ng5 h5 20. Qc4+ Rd5 21. Nxe4 Qe5 22. Ng3 Nxe3 23. fxe3 Qxg3 24. Rf3 Qe5 25. Raf1 b5 26. Qxc6 Qe6 27. axb5 Qxc6 28. bxc6 Rc5 29. c4 Rxc6 30. Ra1 Re7 31. Kf2 Rb6 32. Ra3 Rd7 33. e4 Rbd6 34. b4 Rd4 35. Ra6 Kh7 36. Rfa3 Rxc4 37. Rxa7 Rxa7 38. Rxa7+ Kg8 39. b5 Rb4 40. Rb7 Rxe4 41. b6 Rb4 42. Rb8+ Kg7 43. b7 h4 44. Kf3 g5 45. Ke3 g4 46. Ke2 h3 47. gxh3 Rb2+ 48. Kf1 gxh3 49. Kg1 h2+ 50. Kh1 Kh7 1/2-1/2

[Event "Scarborough CC Howard Ridout Swiss"]
[Site "Toronto CAN"]
[Date "2009.10.08"]
[Round "5"]
[White "Sellars, Karl"]
[Black "Verde, Pino"]
[Result "1-0"]
[WhiteElo "2268"]
[BlackElo "1757"]
[PlyCount "67"]
[GameId "2160767910096837"]
[EventDate "2009.09.10"]
[EventType "swiss"]
[EventRounds "7"]
[EventCountry "CAN"]
[SourceTitle "EXT 2011"]
[Source "ChessBase"]
[SourceDate "2011.11.26"]
[SourceVersion "1"]
[SourceVersionDate "2011.11.26"]
[SourceQuality "1"]

1. e4 d6 2. d4 Nf6 3. Nc3 Nbd7 4. Nf3 e5 5. Be2 Be7 6. O-O c6 7. a4 a5 8. Re1 Qc7 9. b3 Nf8 10. h3 Ng6 11. Bf1 Bd7 12. Ba3 Rd8 13. dxe5 dxe5 14. Bxe7 Kxe7 15. Qe2 Nf4 16. Qe3 b6 17. Nd2 g5 18. Nc4 g4 19. Nxb6 gxh3 20. Qc5+ Ke8 21. Nbd5 N6xd5 22. Nxd5 Nxd5 23. exd5 f6 24. d6 Qc8 25. Rxe5+ fxe5 26. Qxe5+ Kf7 27. Qh5+ Kg7 28. Qg5+ Kf7 29. Bc4+ Be6 30. Qf5+ Kg7 31. Bxe6 Qb7 32. Qg5+ Kf8 33. Qf6+ Ke8 34. Qxh8# 1-0

[Event "Scarborough CC Howard Ridout Swiss"]
[Site "Toronto CAN"]
[Date "2009.10.08"]
[Round "5"]
[White "Smith, Maurice"]
[Black "Kurkowski, Ken"]
[Result "1/2-1/2"]
[WhiteElo "1683"]
[BlackElo "1690"]
[PlyCount "82"]
[GameId "2160767910096838"]
[EventDate "2009.09.10"]
[EventType "swiss"]
[EventRounds "7"]
[EventCountry "CAN"]
[SourceTitle "EXT 2011"]
[Source "ChessBase"]
[SourceDate "2011.11.26"]
[SourceVersion "1"]
[SourceVersionDate "2011.11.26"]
[SourceQuality "1"]

1. e4 e6 2. d4 d5 3. exd5 exd5 4. Bd3 Nc6 5. Nf3 Nf6 6. O-O Be7 7. Bf4 O-O 8. Nbd2 Be6 9. c3 h6 10. Qc2 Re8 11. Rfe1 Bd6 12. Bxd6 Qxd6 13. Ne5 Rad8 14. Ndf3 Ne7 15. Re3 c5 16. dxc5 Qxc5 17. Rae1 Nc6 18. Nxc6 bxc6 19. Nd4 Bd7 20. h3 Rxe3 21. Rxe3 Re8 22. Rxe8+ Bxe8 23. Qe2 Qd6 24. b3 Bd7 25. Qe3 Kf8 26. Nf3 c5 27. Kf1 Qe7 28. Qxe7+ Kxe7 29. Ke2 Kd6 30. Ke3 a5 31. a3 g6 32. Nd2 Bc6 33. g3 Nd7 34. f4 f5 35. Be2 Nf6 36. g4 Ne4 37. Nxe4+ dxe4 38. Bc4 Bd5 39. Bxd5 Kxd5 40. gxf5 gxf5 41. h4 h5 1/2-1/2